Представление документа в формате RUSMARC

ПолеНазваниеЗначение
  Тип записи a
  Библиографический уровень m
001 Контрольный номер 542c7d40d82a4a548825cdae333db95d
005 Дата корректировки 20211228123313.7
010 Индекс ISBN __
a ISBN 978-5-17-112473-1
101 Язык документа 0_
a Язык текста rus
102 Страна публикации __
a Страна публикации RU
200 Заглавие и сведения об ответственности 1_
a Заглавие Капитал
b Общее обозначение материала Текст
e Сведения, относящиеся к заглавию Полная квинтэссенция 3-х томов
f Первые сведения об ответственности К. Маркс
210 Выходные данные 1_
a Место издания Москва
c Издательство АСТ
d Дата издания 2021
215 Физическое описание __
a Объем 352 с.
225 Серия 2_
a Серия Классика истории и культуры
610 Ключевые слова 0_
a Ключевые слова капитал
a Ключевые слова политэкономия
686 Индексы других классификаций __
a Классификационный индекс 65.01
700 Автор _1
a Фамилия Маркс
b Имя К.
g Полное личное имя Карл
801 Источник записи _0
a Страна RU
b Организация РУК
c Дата составления 20211228
g Правила каталогизации PSBO
801 Источник записи _1
a Страна RU
b Организация РУК
g Правила каталогизации PSBO
852 Данные о местонахождении __
i Авторский знак М 26
j Шифр хранения 65.01
901 Тип документа __
t Тип документа m
937 Технологическая информация __
a Создатель записи (имя) Мясникова
938 Служебная информация __
a Название организации Головной вуз